Metal Alloys Quiz - Statistics

General Stats
  • This quiz has been taken 21 times
  • The average score is 86 of 120
Answer Stats
Question Tile Select % Correct
bronze Antimony No
100%
steel Antimony No
100%
steel Copper No
100%
steel Gold No
100%
bronze Lead No
100%
steel Lead No
100%
bronze Mercury No
100%
steel Mercury No
100%
bronze Aluminum No
95%
brass Aluminum No
95%
brass Antimony No
95%
bronze Carbon No
95%
brass Carbon No
95%
bronze Copper Yes
95%
bronze Gold No
95%
brass Gold No
95%
steel Nickel No
95%
bronze Silver No
95%
brass Silver No
95%
steel Tin No
95%
steel Zinc No
95%
steel Iron Yes
90%
brass Lead No
90%
brass Mercury No
90%
steel Silver No
90%
bronze Zinc No
90%
steel Aluminum No
85%
sterling silver Antimony No
85%
steel Carbon Yes
85%
sterling silver Carbon No
85%
rose gold Carbon No
85%
sterling silver Gold No
85%
bronze Iron No
85%
sterling silver Iron No
85%
rose gold Lead No
85%
sterling silver Mercury No
85%
rose gold Mercury No
85%
bronze Nickel No
85%
brass Nickel No
85%
rose gold Nickel No
85%
rose gold Aluminum No
80%
rose gold Antimony No
80%
(soft) solder Antimony No
80%
brass Copper Yes
80%
rose gold Gold Yes
80%
(soft) solder Gold No
80%
brass Iron No
80%
rose gold Iron No
80%
sterling silver Lead No
80%
sterling silver Silver Yes
80%
rose gold Tin No
80%
rose gold Zinc No
80%
sterling silver Aluminum No
75%
(soft) solder Carbon No
75%
(soft) solder Mercury No
75%
sterling silver Nickel No
75%
(soft) solder Nickel No
75%
sterling silver Zinc No
75%
(soft) solder Zinc No
75%
electrum Antimony No
70%
electrum Carbon No
70%
(dental) amalgam Carbon No
70%
(modern) pewter Gold No
70%
(modern) pewter Iron No
70%
(soft) solder Iron No
70%
(modern) pewter Nickel No
70%
rose gold Silver No
70%
(soft) solder Silver No
70%
bronze Tin Yes
70%
brass Tin No
70%
electrum Tin No
70%
electrum Aluminum No
65%
(modern) pewter Carbon No
65%
electrum Copper No
65%
(soft) solder Copper No
65%
electrum Iron No
65%
electrum Lead No
65%
(dental) amalgam Lead No
65%
(modern) pewter Mercury No
65%
electrum Mercury No
65%
(dental) amalgam Nickel No
65%
electrum Zinc No
65%
(dental) amalgam Zinc No
65%
(modern) pewter Aluminum No
60%
(soft) solder Aluminum No
60%
(dental) amalgam Aluminum No
60%
(dental) amalgam Antimony No
60%
(dental) amalgam Gold No
60%
constantan Iron No
60%
(dental) amalgam Iron No
60%
(soft) solder Lead Yes
60%
constantan Mercury No
60%
(dental) amalgam Mercury Yes
60%
electrum Nickel No
60%
sterling silver Tin No
60%
constantan Tin No
60%
(soft) solder Tin Yes
60%
constantan Carbon No
55%
(modern) pewter Lead No
55%
(modern) pewter Silver No
55%
constantan Silver No
55%
(modern) pewter Tin Yes
55%
(modern) pewter Zinc No
55%
constantan Zinc No
55%
constantan Antimony No
50%
rose gold Copper Yes
50%
constantan Gold No
50%
electrum Silver Yes
50%
brass Zinc Yes
50%
constantan Lead No
45%
(dental) amalgam Silver Yes
45%
constantan Aluminum No
40%
electrum Gold Yes
40%
(modern) pewter Copper Yes
30%
constantan Copper Yes
30%
sterling silver Copper Yes
20%
constantan Nickel Yes
20%
(dental) amalgam Tin Yes
20%
(modern) pewter Antimony Yes
15%
(dental) amalgam Copper Yes
15%
No matching quizzes found
Score Distribution
Percent of People with Each Score
Percentile by Number Answered
Your Score History
You have not taken this quiz